| 000 | 00615nam a2200181 a 4500 | ||
|---|---|---|---|
| 001 | 000025656 | ||
| 005 | 20200930023940.0 | ||
| 008 | 110218s1978 ve r 000 0 por d | ||
| 040 |
_aDO-SdBNP _bspa _cBNPHU |
||
| 082 |
_axxxxx _bP259m |
||
| 100 | 1 |
_aParra Pérez, Caracciolo, _d1888-1963 _941122 |
|
| 245 | 1 | 0 |
_aMiranda e a independencia do Brasil : _bhomenagem a Sao Paulo / _cCaracciolo Parra Pérez. |
| 260 |
_a[Caracas] : _bGoverno da Venezuela, _c1978. |
||
| 300 |
_a13 p. ; _c24 cm. |
||
| 500 | _aIncluye notas al pie de las páginas. | ||
| 710 | 1 |
_aMinisterio de Información y Turismo _952393 |
|
| 049 | _aBNGR | ||
| 999 |
_c25148 _d25148 |
||